000 00610nam a22002177a 4500
003 PILC
005 20160127144255.0
008 140123b xxu||||| |||| 00| 0 eng d
020 _a9780446618151
050 _aPS 3569.P363
_b.Sp26v 2005
100 _aSparks, Nicholas
245 _aTrue believer
_c Nicholas Sparks
260 _aUSA :
_bGrand Central Pub,
_c2005.
300 _a464p. :
_bill. ;
_c18 cm.
650 _aScience writers --Fiction
650 _aApparitions -- Fiction
650 _aCemeteries --Fiction
650 _aNorth Carolina --Fiction.
942 _2lcc
_cBK
999 _c26094
_d26094